000
00306 a2200145 4500
001
177768
020
_a
040
_c
Magnum
100
_a
Levine, Shar
240
1
0
_a
Brincando de einstein
_l
por
245
1
0
_a
Brincando de einstein
362
0
_a
1899
697
_a
MAGNITO: PARADIDATICOS
942
_c
BK
999
_c
177768
_d
177768